Diccionario bíblico hebreo-español
Enregistré dans:
| Auteur principal: | |
|---|---|
| Format: | Livre |
| Langue: | hébreu espagnol |
| Publié: |
Madrid
Trotta
2008
|
| Édition: | 3a. ed |
| Sujets: | |
| Tags: |
Ajouter un tag
Pas de tags, Soyez le premier à ajouter un tag!
|
MARC
| LEADER | 00000cam a2200000 a 4500 | ||
|---|---|---|---|
| 001 | UCD4517 | ||
| 003 | CL-VaPUC | ||
| 008 | 160713e20080000sp |||||||||||||||||heb|d | ||
| 020 | |a 9788481649857 | ||
| 041 | 0 | 7 | |a heb |2 CL-VaPUC |
| 041 | 0 | 7 | |a spa |2 CL-VaPUC |
| 082 | 0 | 4 | |a 492.403 |b ALO |2 21 |
| 100 | |a Alonso Schökel, Luis |e autor |9 591055 | ||
| 245 | 1 | 0 | |a Diccionario bíblico hebreo-español |
| 250 | |a 3a. ed | ||
| 300 | |a 1062 p | ||
| 942 | |c BK | ||
| 945 | |d 20160713 20:53:00 |a dcastane | ||
| 260 | |a Madrid |b Trotta |c 2008 | ||
| 650 | 0 | |a Diccionarios |9 256200 | |
| 650 | 0 | |a Hebreo |9 391464 | |
| 650 | 0 | |a Español |9 255372 | |
| 583 | |a last modification |c 20160713 20:53:00 |k Rodrigo Vera | ||
| 999 | |c 365409 |d 365407 | ||
| 952 | |0 0 |1 0 |3 erd |4 0 |6 492_403000000000000_ALO_2008 |7 0 |8 X |9 479266 |a BIBTEO |b BIBTEO |i 5297664 |l 1 |o 492.403 ALO 2008 |p 5297664 |r 2025-01-17 |s 2023-11-17 |w 2019-11-24 |y BK_X |z Catalogado en:20160713 |k ICR | ||
| 952 | |0 0 |1 0 |3 erd |4 0 |6 492_403000000000000_ALO_2008 |7 0 |8 X |9 479267 |a BIBTEO |b BIBTEO |i 5440238 |o 492.403 ALO 2008 |p 5440238 |r 2025-01-17 |w 2019-11-24 |y BK_X |z Catalogado en:20171201 |k ICR | ||